000 00569cam a2200229 a 4500
001 3261431
005 20180208092808.0
008 811113s1982 mau b 001 0 eng
010 _a 81020066
020 _a0674445228
040 _aDLC
_cDLC
_dDLC
041 _aeng
043 _an-us---
080 _a338.973 CAL
082 0 0 _a338.973 CAL
_219
100 1 _a52
101 _aEKO
245 1 4 _aThe imperious economy /
_cDavid P. Calleo.
504 _aBibliography: p. [217]-221.
906 _a7
_bcbc
_corignew
_d1
_eocip
_f19
_gy-gencatlg
942 _2ddc
_cBK
999 _c42182
_d42182